"Theirs not to reason why" (Record no. 80625)
[ view plain ]
| 000 -LEADER | |
|---|---|
| fixed length control field | 01651cab a22002775a 4500 |
| 001 - CONTROL NUMBER | |
| control field | L144880 |
| 008 - FIXED-LENGTH DATA ELEMENTS--GENERAL INFORMATION | |
| fixed length control field | 080815s2008 xxk f v 000 0 eng d |
| 035 ## - SYSTEM CONTROL NUMBER | |
| System control number | (Sirsi) u144880 |
| 041 0# - LANGUAGE CODE | |
| Language code of text/sound track or separate title | eng |
| 100 1# - MAIN ENTRY--PERSONAL NAME | |
| Personal name | Ford, Richard |
| 245 00 - TITLE STATEMENT | |
| Title | "Theirs not to reason why" |
| Remainder of title | the practicalities of providing adequate summary reasons for grants of planning permission |
| 260 ## - PUBLICATION, DISTRIBUTION, ETC. | |
| Date of publication, distribution, etc. | 2008 |
| 490 ## - SERIES STATEMENT | |
| Series statement | Journal of Planning and Environment Law |
| Volume/sequential designation | (2) 2008, 115-127(13) |
| 520 ## - SUMMARY, ETC. | |
| Summary, etc. | Highlights a series of recent court judgements where local planning authorities have struggled to comply with the reasons for grant requirements. Difficulties faced include the need to summarise decisions that may have been made thanks to a large amount of factors; a lack of specific guidance for interpreting aspects of the General Development Procedure Order 2005 (GDPO) and problems describing the adequacy of reasons. The authors suggest making amendments to the current legislation, including changes to Article 22(1) of the GDPO. |
| 650 24 - SUBJECT ADDED ENTRY--TOPICAL TERM | |
| Topical term or geographic name entry element | R (ON THE APPLICATION OF TRATT) V HORSHAM DC |
| 650 24 - SUBJECT ADDED ENTRY--TOPICAL TERM | |
| Topical term or geographic name entry element | R (ON THE APPLICATION OF WALL) V BRIGHTON AND HOVE COUNCIL |
| 650 24 - SUBJECT ADDED ENTRY--TOPICAL TERM | |
| Topical term or geographic name entry element | SOUTH BUCKS DC V PORTER |
| 650 24 - SUBJECT ADDED ENTRY--TOPICAL TERM | |
| Topical term or geographic name entry element | GENERAL DEVELOPMENT PROCEDURE ORDER 1995 (AS AMENDED) |
| 650 24 - SUBJECT ADDED ENTRY--TOPICAL TERM | |
| Topical term or geographic name entry element | R (ON THE APPLICATION OF CHISNELL) V RICHMOND UPON THAMES LBC |
| 650 24 - SUBJECT ADDED ENTRY--TOPICAL TERM | |
| Topical term or geographic name entry element | R (ON THE APPLICATION OF LING (BRIDLINGTON) LTD V EAST RIDING OF YORKSHIRE COUNCIL |
| 650 24 - SUBJECT ADDED ENTRY--TOPICAL TERM | |
| Topical term or geographic name entry element | R (ON THE APPLICATION OF MID COUNTIES CO-OPERATIVE LTD) V FOREST OF DEAN DC |
| 651 #4 - SUBJECT ADDED ENTRY--GEOGRAPHIC NAME | |
| Geographic name | England and Wales |
| Chronological subdivision | 1543- |
| 690 ## - LOCAL SUBJECT ADDED ENTRY--TOPICAL TERM (OCLC, RLIN) | |
| Topical term or geographic name as entry element | Planning and development |
| 9 (RLIN) | 6259 |
| 700 1# - ADDED ENTRY--PERSONAL NAME | |
| Personal name | Richards, Hugh |
| 942 ## - ADDED ENTRY ELEMENTS (KOHA) | |
| Suppress in OPAC | 0 |
| Withdrawn status | Lost status | Source of classification or shelving scheme | Damaged status | Not for loan | Home library | Current library | Shelving location | Date acquired | Total Checkouts | Full call number | Barcode | Date last seen | Copy number | Price effective from | Koha item type |
|---|---|---|---|---|---|---|---|---|---|---|---|---|---|---|---|
| Dewey Decimal Classification | London | London | Journal article | 15/08/2008 | L144880 | 144880-1001 | 06/08/2019 | 1 | 06/08/2019 | Journal article |